<?xml version="1.0" encoding="UTF-8"?><?xml-stylesheet type="text/xsl" href="static/style.xsl"?><OAI-PMH xmlns="http://www.openarchives.org/OAI/2.0/" xmlns:xsi="http://www.w3.org/2001/XMLSchema-instance" xsi:schemaLocation="http://www.openarchives.org/OAI/2.0/ http://www.openarchives.org/OAI/2.0/OAI-PMH.xsd"><responseDate>2026-04-26T23:12:03Z</responseDate><request verb="GetRecord" identifier="oai:repisalud.isciii.es:20.500.12105/25799" metadataPrefix="marc">https://repisalud.isciii.es/rest/oai/request</request><GetRecord><record><header><identifier>oai:repisalud.isciii.es:20.500.12105/25799</identifier><datestamp>2025-12-18T12:56:35Z</datestamp><setSpec>com_20.500.12105_2405</setSpec><setSpec>com_20.500.12105_2403</setSpec><setSpec>col_20.500.12105_2412</setSpec></header><metadata><record xmlns="http://www.loc.gov/MARC21/slim" xmlns:dcterms="http://purl.org/dc/terms/" xmlns:doc="http://www.lyncode.com/xoai" xmlns:xsi="http://www.w3.org/2001/XMLSchema-instance" xsi:schemaLocation="http://www.loc.gov/MARC21/slim http://www.loc.gov/standards/marcxml/schema/MARC21slim.xsd">
   <leader>00925njm 22002777a 4500</leader>
   <datafield ind2=" " ind1=" " tag="042">
      <subfield code="a">dc</subfield>
   </datafield>
   <datafield ind2=" " ind1=" " tag="720">
      <subfield code="a">Rodriguez Ortiz de Salazar, Begoña</subfield>
      <subfield code="e">author</subfield>
   </datafield>
   <datafield ind2=" " ind1=" " tag="720">
      <subfield code="a">Cárdaba-Arranz, Mario</subfield>
      <subfield code="e">author</subfield>
   </datafield>
   <datafield ind2=" " ind1=" " tag="720">
      <subfield code="a">Sanchez-Gomez, Luis Maria</subfield>
      <subfield code="e">author</subfield>
   </datafield>
   <datafield ind2=" " ind1=" " tag="260">
      <subfield code="c">2024</subfield>
   </datafield>
   <datafield ind2=" " ind1=" " tag="520">
      <subfield code="a">La Enfermedad Pulmonar Obstructiva Crónica (EPOC), es la tercera causa de muerte a nivel mundial y la séptima causa de carga de enfermedad, medida en años de vida ajustados por discapacidad (AVAD). En España el 11,8% de la población mayor de 40 años padece EPOC, siendo más frecuente en hombres (14,6%) que en mujeres (9,4%). El infradiagnóstico de la EPOC alcanza el 74,7%, lo que dificulta los esfuerzos para reducir la carga de morbilidad. La EPOC puede provocar hipoventilación y un aumento en el dióxido de carbono (CO2) en sangre que puede derivar en insuficiencia respiratoria hipercápnica crónica. Los pacientes que cursan con hipercapnia presentan una presión parcial de oxígeno (PaO2) ≤ 60 mm Hg y una presión parcial de CO2 (PaCO2) ≥45 mm Hg. La gasometría arterial es la técnica diagnóstica estándar para medir la presión arterial de CO2 (PaCO2). Es una técnica invasiva mediante la cual se extrae sangre de la arteria radial y no está exenta de efectos secundarios. La capnografía es un método que consiste en la medición continua del CO2 exhalado y aporta información en tiempo real sobre el estado respiratorio, hemodinámico y metabólico. La capnografía transcutánea (CTC) es una técnica no invasiva que monitoriza la PCO2 con el fin de estimar el PaCO2 sin necesidad de realizar gasometrías.</subfield>
   </datafield>
   <datafield ind1="8" ind2=" " tag="024">
      <subfield code="a">https://hdl.handle.net/20.500.12105/25799</subfield>
   </datafield>
   <datafield tag="653" ind2=" " ind1=" ">
      <subfield code="a">Enfermedad Pulmonar Obstructiva Crónica</subfield>
   </datafield>
   <datafield tag="653" ind2=" " ind1=" ">
      <subfield code="a">EPOC</subfield>
   </datafield>
   <datafield tag="653" ind2=" " ind1=" ">
      <subfield code="a">Capnografía Transcutánea</subfield>
   </datafield>
   <datafield tag="653" ind2=" " ind1=" ">
      <subfield code="a">hipercapnia</subfield>
   </datafield>
   <datafield ind2="0" ind1="0" tag="245">
      <subfield code="a">Eficacia y efectividad de la capnografía transcutánea en pacientes con enfermedad respiratoria obstructiva crónica con hipercapnia en atención primaria</subfield>
   </datafield>
</record></metadata></record></GetRecord></OAI-PMH>